Entry Nombre personal
001 - NÚMERO DE CONTROL
- campo de control: 60306
003 - IDENTIFICADOR DEL NÚMERO DE CONTROL
- campo de control: BNPHU
005 - FECHA Y HORA DE LA ÚLTIMA TRANSACCIÓN
- campo de control: 20240301185227.0
008 - DATOS DE LONGITUD FIJA
- campo de control de longitud fija: 200615|| aca||aabn | a|a d
010 ## - NÚMERO DE CONTROL DE LA BIBLIOTECA DEL CONGRESO
- Número de control de LC: n 79023029
040 ## - FUENTE DE LA CATALOGACIÓN
- Centro catalogador/agencia de origen: DO-SdBNP
- Lengua de catalogación: spa
- Centro/agencia transcriptor: BNPHU
- Normas de descripción: rda
100 1# - ENCABEZAMIENTO-NOMBRE DE PERSONA
- Nombre de persona: Engels, Friedrich,
- Fechas asociadas al nombre: 1820-1895
370 ## - LUGAR ASOCIADO
- Lugar de nacimiento: Barmen, Alemania
374 ## - OCUPACIÓN
- Ocupación: Politólogo,
- Ocupación: Economista
- Ocupación: Filosofo
- Ocupación: Historiador
- Ocupación: Periodista
375 ## - GÉNERO/SEXO
- Género/Sexo: Masculino
400 1# - TRAZADO DE VÉASE--NOMBRE DE PERSONA
- Nombre de persona: Engels, Bedærich,
- Fechas asociadas al nombre: 1820-1895
400 1# - TRAZADO DE VÉASE--NOMBRE DE PERSONA
- Nombre de persona: Engels, Frederick,
- Fechas asociadas al nombre: 1820-1895
400 1# - TRAZADO DE VÉASE--NOMBRE DE PERSONA
- Nombre de persona: Engels, Federico,
- Fechas asociadas al nombre: 1820-1895
670 ## - FUENTE DE DATOS ENCONTRADOS
- Cita de la fuente: Work cat.: (OSt)34288: Marx, Karl Heinrich, 1818-1883 60304, Sur la religión /, 1960.
670 ## - FUENTE DE DATOS ENCONTRADOS
- Cita de la fuente: Marx, K. The individual and society, 1984:
- Información encontrada: CIP portada (Frederick Engels)
670 ## - FUENTE DE DATOS ENCONTRADOS
- Identificador Uniforme del Recurso: https://es.wikipedia.org/wiki/Karl_Marx
